Diseño curricular.nivel secundario: segundo ciclo (4to, 5to y 6to) (2do, 3ro y 4to).Componente Academico modalidad Tecnico- profesional y modalidad en artes, version preliminar para revision y retroalimentacio/ (Registro nro. 23874)

Detalles MARC
000 -LEADER
fixed length control field 00794nam a22001817a 4500
003 - CONTROL NUMBER IDENTIFIER
control field DO-CoUTE
005 - DATE AND TIME OF LATEST TRANSACTION
control field 20250818083822.0
008 - FIXED-LENGTH DATA ELEMENTS--GENERAL INFORMATION
fixed length control field 250814b dr ||||| |||| 00| 0 spa d
040 ## - CATALOGING SOURCE
Original cataloging agency DO-CoUTE
Language of cataloging spa
Transcribing agency DO-CoUTE
082 ## - DEWEY DECIMAL CLASSIFICATION NUMBER
Classification number RD373.19
Item number R299d
110 1# - MAIN ENTRY--CORPORATE NAME
Corporate name or jurisdiction name as entry element Ministerio de Educación,República Dominicana
Relator term Institucion coopertativa
245 10 - TITLE STATEMENT
Title Diseño curricular.nivel secundario: segundo ciclo (4to, 5to y 6to) (2do, 3ro y 4to).Componente Academico modalidad Tecnico- profesional y modalidad en artes, version preliminar para revision y retroalimentacio/
Statement of responsibility, etc. Ministerio de Educación
260 ## - PUBLICATION, DISTRIBUTION, ETC.
Place of publication, distribution, etc. Santo Domingo ;
Name of publisher, distributor, etc. Republica Dominicana
Date of publication, distribution, etc. Minerd
300 ## - PHYSICAL DESCRIPTION
Extent 425 paginas :
650 ## - SUBJECT ADDED ENTRY--TOPICAL TERM
Topical term or geographic name entry element Educación-Currículo
700 1# - ADDED ENTRY--PERSONAL NAME
Personal name Ministerio de Educación.República Dominicana
942 ## - ADDED ENTRY ELEMENTS (KOHA)
Source of classification or shelving scheme Dewey Decimal Classification
Koha item type Libros
Existencias
Withdrawn status Lost status Source of classification or shelving scheme Damaged status Not for loan Collection code Home library Current library Shelving location Date acquired Inventory number Full call number Barcode Date last seen Copy number Price effective from Koha item type
    Dewey Decimal Classification     Colección Dominicana Biblioteca UTECO Biblioteca UTECO En Estantería 08/14/2025 023307 RD373.19R299d 023307 08/14/2025 Ej.1 08/14/2025 Libros
© 2021 Derechos Reservados UTECO - Teléfono: +1 809-585-2291 - Correo electrónico: biblioteca@uteco.edu.do​  
Código postal 43000 ​​
Dirección: Avenida Universitaria No. 100, 
Cotuí, Provincia Sánchez Ramírez, República Dominicana - RNC: 404-00059-6